000 01105cam a2200301 a 4500
001 3752
005 20250327095356.0
020 _a0436458039
040 _aDLC
_cDLC
_dDLC
_beng
050 0 0 _aPR6069.H345
082 0 0 _a823.914
100 1 _aSharpe, Tom
_d1928-2013.
245 1 0 _aBlott on the landscape /
_cTom Sharpe
250 _aThis edition published 1977
260 _aLondon :
_bSecker & Warburg ,
_c1975
300 _a237 pages :
_c19 cm .
_billustrations ;
505 _aU
520 _aSir Giles Lynchwood, millionaire property developer and Tory MP, is determined to see a motorway driven through the ancestral home of his spouse, Lady Maud. As local opposition grows, the MP is devoured by lions, and Lady Maud marries her gardener, Blott.
521 _a820
_bLexile estimate
521 _aU
_bRaz-Plus
650 0 _aEnvironmental policy
_xFiction.
650 0 _aLegislators
_xFiction.
650 0 _aGardeners
_xFiction.
655 7 _aHumorous stories.
_2gsafd
655 7 _aSatire.
_2gsafd
906 _a7
_bcbc
_corignew
_d3
_encip
_f19
_gy-gencatlg
942 _2ddc
_cBK
_n0
999 _c3752
_d3752